Computer and chemical engineering : case histories in design and control /
Guardado en:
| Autores Corporativos: | , |
|---|---|
| Formato: | Libro |
| Idioma: | English |
| Publicado: |
[London] :
Institution of Chemical Engineers,
[1980]
|
| Materias: | |
| Etiquetas: |
Agregar Etiqueta
Sin Etiquetas, Sea el primero en etiquetar este registro!
|
| LEADER | 00883nam a22001815a 4500 | ||
|---|---|---|---|
| 001 | EIQ.libpla002071 | ||
| 008 | 070409s1980####enka#####b####100#0#eng#d | ||
| 005 | 20070409191043.0 | ||
| 245 | 1 | 0 | |a Computer and chemical engineering : |b case histories in design and control / |c a symposium organised by the London and South-Eastern Branch of the Institution of Chemical Engineers, London, 1980. |
| 260 | |a [London] : |b Institution of Chemical Engineers, |c [1980] | ||
| 300 | |a 71 p. : |b il. ; |c 30 cm. | ||
| 504 | |a Incluye referencias bibliográficas. | ||
| 111 | 2 | |a Symposium on Computers and Chemical Engineering |n (3rd : |d 1980 : |c London) | |
| 710 | 2 | |a Institution of Chemical Engineers. |b London and South-Eastern Branch. | |
| 650 | 4 | |a Diseño de procesos |x Congresos. | |
| 650 | 4 | |a Design of processes |x Congresses. | |
| 040 | |a AR-BbSID |b spa |c AR-BbSID | ||
| 859 | |a AR-BbSID |b BIB. PLAPIQUI |h 660.281 |i Sy 68 |p 4331 | ||
